[Event "Zuerich op-A 23th"]
[Site "Zuerich"]
[Date "1999.12.28"]
[Round "4"]
[White "Keatinge Clay, Adrian"]
[Black "Pelletier, Yannick"]
[Result "0-1"]
[WhiteElo "2280"]
[BlackElo "2479"]
[PlyCount "140"]
[EventDate "1999.12.26"]
[EventType "swiss"]
[EventRounds "7"]
[EventCountry "SUI"]
[SourceTitle "CBM 073 Extra"]
[Source "ChessBase"]
[SourceDate "2000.01.11"]
[SourceVersion "1"]
[SourceVersionDate "2000.01.11"]
[SourceQuality "1"]

1. d4 d5 2. c4 c6 3. Nf3 Nf6 4. Nc3 dxc4 5. a4 Bf5 6. e3 e6 7. Bxc4 Bb4 8. 0-0 0-0 9. Nh4 Nbd7 10. f3 Bg6 11. Nxg6 hxg6 12. Qb3 c5 13. Na2 Ba5 14. dxc5 Nxc5 15. Qa3 Qd6 16. b4 Bc7 17. g3 Ncd7 18. Bb2 a5 19. Rfd1 Qc6 20. Be2 Bb6 21. bxa5 Qc2 22. Kf2 Rxa5 23. Nb4 Qf5 24. Kg2 Nc5 25. Bb5 Rfa8 26. Qc3 Nxa4 27. Bxa4 Rxa4 28. Rxa4 Rxa4 29. e4 Qb5 30. Nd3 Kh7 31. Qd2 Ra2 32. Rb1 Qc4 33. Rc1 Qd4 34. Rc2 Qg1+ 35. Kh3 Qf1+ 36. Kh4 Qxf3 37. Qe2 g5+ 38. Kxg5 Be3+ 39. Kh4 g5+ 40. Kh3 g4+ 41. Kh4 Kh6 42. Bxf6 Qxe2 43. Rxe2 Rxe2 44. Kxg4 Bd4 45. Bg5+ Kh7 46. h4 Rxe4+ 47. Kf3 f5 48. Bd2 e5 49. Nb4 Rg4 50. Nd5 e4+ 51. Kg2 Be5 52. Be1 Rg7 53. Kh3 Rd7 54. Ne3 Bc3 55. Bxc3 Rd3 56. Nxf5 Rxc3 57. Kg4 b5 58. Nd6 b4 59. Nxe4 Rc4 60. Kf3 b3 61. Nd2 Rc1 62. Nxb3 Rc3+ 63. Kf4 Rxb3 64. g4 Rb5 65. Kf3 Kg6 66. Kf4 Rb4+ 67. Kf3 Kf6 68. Kg3 Ke5 69. h5 Kf6 70. Kh4 Ra4 0-1